Union democracy (Record no. 60800)

MARC details
000 -LEADER
fixed length control field 00675nam a2200181 a 4500
008 - FIXED-LENGTH DATA ELEMENTS--GENERAL INFORMATION
fixed length control field 120416s1956 ||||||||||||||||| || u
050 ## - LIBRARY OF CONGRESS CALL NUMBER
Classification number HD 6515.T9 Lip
100 ## - MAIN ENTRY--PERSONAL NAME
Personal name Coleman, James S
245 10 - TITLE STATEMENT
Title Union democracy
246 ## - VARYING FORM OF TITLE
Title proper/short title the internal politics of the International Typographical Union
260 ## - PUBLICATION, DISTRIBUTION, ETC.
Place of publication, distribution, etc. Glencol, [Ill.]
Name of publisher, distributor, etc. Free Press
Date of publication, distribution, etc. 1956
350 ## - PRICE (NR) (BK AM CF MU VM SE) [OBSOLETE]
Price 0.00
650 ## - SUBJECT ADDED ENTRY--TOPICAL TERM
Topical term or geographic name entry element LABOUR
650 ## - SUBJECT ADDED ENTRY--TOPICAL TERM
Topical term or geographic name entry element INTERNATIONAL TYPOGRAPHICAL UNION
650 ## - SUBJECT ADDED ENTRY--TOPICAL TERM
Topical term or geographic name entry element DEMOCRACY--POLITICAL ASPECTS
700 ## - ADDED ENTRY--PERSONAL NAME
Personal name Lipset, Seymour Martin
995 ## - RECOMMENDATION 995 [LOCAL, UNIMARC FRANCE]
-- 0.00
-- CBU-MAIN LIBRARY (Kitwe)
-- 1
-- 0.00
-- 1
-- AVAILABLE
-- Annex Low-Usage Collection
Holdings
Withdrawn status Lost status Source of classification or shelving scheme Damaged status Not for loan Home library Current library Shelving location Date acquired Total Checkouts Full call number Barcode Date last seen Price effective from Koha item type
          CBU-MAIN LIBRARY, KITWE. CBU-MAIN LIBRARY, KITWE.   11/30/2022   HD 6515.T9 Lip 004544 11/30/2022 11/30/2022 MONOGRAPH